A szabadidős mozgás gyulladáscsökkentő hatása patkányban a NOS/ HO/ MPO rendszerek szerepe /

Elmentve itt :
Bibliográfiai részletek
Szerzők: Szalai Zita
Szász András
Nagy István
Csonka Anett
Kupai Krisztina
Magyariné Berkó Anikó
Pósa Anikó
Szabó Renáta
Varga Csaba
Dokumentumtípus: Könyv része
Megjelent: Szegedi Tudományegyetem Juhász Gyula Pedagógusképző Kar Szeged 2014
Sorozat:László Ferenc Sporttudományi Kutatóműhely 2
Sokszínű sporttudomány : sportszakmai tanulmány- és szakcikk gyűjtemény 2
Kulcsszavak:Szabadidő és sport, Állatkísérletek
Tárgyszavak:
Online Access:http://acta.bibl.u-szeged.hu/75434
LEADER 01276naa a2200325 i 4500
001 acta75434
005 20220426093043.0
008 220426s2014 hu o 0|| hun d
020 |a 978-615-5455-07-0 
022 |a 2064-5821 
040 |a SZTE Egyetemi Kiadványok Repozitórium  |b hun 
041 |a hun 
100 1 |a Szalai Zita 
245 1 2 |a A szabadidős mozgás gyulladáscsökkentő hatása patkányban   |h [elektronikus dokumentum] :  |b a NOS/ HO/ MPO rendszerek szerepe /  |c  Szalai Zita 
260 |a Szegedi Tudományegyetem Juhász Gyula Pedagógusképző Kar  |b Szeged  |c 2014 
300 |a 129-142 
490 0 |a László Ferenc Sporttudományi Kutatóműhely  |v 2 
490 0 |a Sokszínű sporttudomány : sportszakmai tanulmány- és szakcikk gyűjtemény  |v 2 
650 4 |a Orvos- és egészségtudomány 
650 4 |a Egészségtudományok 
695 |a Szabadidő és sport, Állatkísérletek 
700 0 1 |a Szász András  |e aut 
700 0 1 |a Nagy István  |e aut 
700 0 1 |a Csonka Anett  |e aut 
700 0 1 |a Kupai Krisztina  |e aut 
700 0 2 |a Magyariné Berkó Anikó  |e aut 
700 0 2 |a Pósa Anikó  |e aut 
700 0 2 |a Szabó Renáta  |e aut 
700 0 2 |a Varga Csaba  |e aut 
856 4 0 |u http://acta.bibl.u-szeged.hu/75434/1/sporttudomany_002_129-142.pdf  |z Dokumentum-elérés